U.S. States Bordering the Great Lakes - Statistics

General Stats
  • This quiz has been taken 18,315 times
  • The average score is 7 of 8
Answer Stats
Lakes State % Correct
Erie, Huron, Michigan, Superior Michigan
98%
Erie Ohio
94%
Michigan Illinois
92%
Erie, Ontario New York
92%
Michigan, Superior Wisconsin
90%
Michigan Indiana
89%
Superior Minnesota
89%
Erie Pennsylvania
86%
No matching quizzes found
Score Distribution
Percent of People with Each Score
Percentile by Number Answered
Your Score History
You have not taken this quiz